• 首页
  • 本馆介绍
  • 公告通知
  • 最新文献
  • 馆藏检索
  • 电子资源
  • 读者导购
  • 参考咨询
  • 我的图书馆
  • 登录
  • 详细信息显示
  • 放入我的书架
  • 预约/预借图书
  • 作者相关作品
  • 分类相关作品
  • 丛书相关作品
  • 出版社相关作品

书目信息

  • 表格格式
  • 工作单格式
  • 卡片格式
题名:
《英国工人阶级状况》的当代价值研究
    
 
作者: 禚明亮 著
分册:  
出版信息: 天津   天津人民出版社  2017
页数: 158页
开本: 24cm
丛书名: 今日马克思主义研究丛书
单 册:
中图分类: A811.21
科图分类:
主题词:
电子资源:
ISBN: 978-7-201-12211-3
000 01782oam2 2200301 450
001 012001000283
005 20140920091301.0
010    @a978-7-201-12211-3@dCNY38.00
100    @a20180412d2017 em y0chiy50 ea
101 0  @achi
102    @aCN@b120000
105    @ak az 000yy
106    @ar
200 1  @a《英国工人阶级状况》的当代价值研究@9《 Ying Guo Gong Ren Jie Ji Zhuang Kuang》 De Dang Dai Jia Zhi Yan Jiu@dOn the contemporary value of the condition of the working class in England@f禚明亮著@zeng
210    @a天津@c天津人民出版社@d2017
215    @a158页@d24cm
225 2  @a今日马克思主义研究丛书
300    @a本书得到北京市马克思主义与全面依法治国协同创新中心专项资金资助
314    @a禚明亮,山东临沭县,毕业于中国社会科学院研究生院马克思主义研究系,获得法学博士学位,现任教于中国人民公安大学马克思主义学院,(专业技术岗)一级警司警衔,兼任中国人民公安大学公安党建研究所研究员。
320    @a有书目(第148-156页)
330    @a《英国工人阶级状况》是马克思主义发展史,尤其是马克思主义阶级理论形成中的一本重要著作。其所包含的对于资本主义社会阶级结构的分析、工人运动的发展以及未来共产主义社会消灭阶级对立的思想,在一百七十多年之后的今天仍具有重要的理论及实践价值。虽然当代资本主义阶级结构和公认运动与恩格斯的时代相比已然发生了巨大变化,呈现出一些新的特征和趋势,但重读《英国工人阶级状况》,我们仍然能得到许多理论上的启发。本书将对《英国工人阶级状况》的基本理论内容、理论地位及当代价值进行初步性研究,力求为我国社会主义现代化建设提供某些借鉴。
461  0 @12001 @a今日马克思主义研究丛书
510 1  @aOn the contemporary value of the condition of the working class in England@zeng
605    @a英国工人阶级状况@x恩格斯著作研究
690    @aA811.21@v5
701  0 @a禚明亮@9Zhuo Ming Liang@4著
801  0 @aCN@b上海新华@c20180901
905    @b1041403-07@dA811.21@e324@f5
    
    《英国工人阶级状况》的当代价值研究=On the contemporary value of the condition of the working class in England/禚明亮著.-天津:天津人民出版社,2017
    158页;24cm.-(今日马克思主义研究丛书)
    本书得到北京市马克思主义与全面依法治国协同创新中心专项资金资助
    
    ISBN 978-7-201-12211-3:CNY38.00
    《英国工人阶级状况》是马克思主义发展史,尤其是马克思主义阶级理论形成中的一本重要著作。其所包含的对于资本主义社会阶级结构的分析、工人运动的发展以及未来共产主义社会消灭阶级对立的思想,在一百七十多年之后的今天仍具有重要的理论及实践价值。虽然当代资本主义阶级结构和公认运动与恩格斯的时代相比已然发生了巨大变化,呈现出一些新的特征和趋势,但重读《英国工人阶级状况》,我们仍然能得到许多理论上的启发。本书将对《英国工人阶级状况》的基本理论内容、理论地位及当代价值进行初步性研究,力求为我国社会主义现代化建设提供某些借鉴。
●
相关链接 在E读中查询图书 在五车中查询图书 在当当中查询图书 在豆瓣中查询图书


正题名:《英国工人阶级状况》的当代价值研究     索取号:A811.21/324         预约/预借

序号 登录号 条形码 馆藏地/架位号 状态 备注
1 1041403   210414032   第一样本阅览室/ [索取号:A811.21/324] 在馆    
2 1041404   210414041   第一借阅区/ [索取号:A811.21/324] 在馆    
3 1041405   210414050   第一借阅区/ [索取号:A811.21/324] 在馆    
4 1041406   210414069   第一借阅区/ [索取号:A811.21/324] 在馆    
5 1041407   210414078   第一借阅区/ [索取号:A811.21/324] 在馆    
唐山师范学院图书馆 欢迎您!
大连网信软件有限公司© 版权所有